000 00376nam a2200145Ia 4500
008 230917s9999||||xx |||||||||||||| ||und||
040 _e40663
_aMAIN
041 _aEnglish
082 _a823.7 D555C:V
100 _aCarey, John
245 4 _aThe violent effigy: a study of Dicken's imagination
260 _aLondon
_bFaber and Faber
_c1973
300 _a183 p.
942 _cBK
999 _c193430
_d193430